Eyes of the Presidents Quiz Stats

 Plays Quiz Updated Aug 8, 2015

Challenge
Share
Tweet
Score 0/18 Timer 03:00
3 Plays Today
President % Correct
George W. Bush
96.9%
Richard Nixon
95.6%
George Washington
94.6%
John Kennedy
91.1%
Bill Clinton
89.2%
Ronald Reagan
88%
Jimmy Carter
85.4%
Theodore Roosevelt
84.3%
Harry Truman
83.2%
President % Correct
Abraham Lincoln
82.6%
Dwight Eisenhower
78.1%
Thomas Jefferson
73.5%
Woodrow Wilson
71.1%
Lyndon Johnson
65.7%
Gerald Ford
64.7%
Franklin Roosevelt
55.3%
Andrew Jackson
54.1%
Ulysses Grant
46.8%

You're not logged in!

Compare scores with friends on all Sporcle quizzes.
Join for Free
OR
Log In

You Might Also Like...

Show Comments

Extras

Top Quizzes Today


Score Distribution

Your Account Isn't Verified!

In order to create a playlist on Sporcle, you need to verify the email address you used during registration. Go to your Sporcle Settings to finish the process.

Report this User

Report this user for behavior that violates our Community Guidelines.

Details: